| 000 | 00431cam a2200145 a 4500 | ||
|---|---|---|---|
| 020 | _a9789966707680 | ||
| 050 | 0 | 0 |
_aHD30.28 _b.Y3 2010 |
| 100 | 1 | _aYabs, John. | |
| 245 | 1 | 0 |
_aStrategic management practices in Kenya / _cby John Yabs. _ba kenyan perspective |
| 260 |
_aNairobi : _bLelax Global Ltd., _c2010. |
||
| 300 | _axxix, 314 p. : | ||
| 500 | _a"Applications and cases"--Cover. | ||
| 650 | 0 | _vStrategic management. | |
| 942 | _cGEN | ||
| 999 |
_c3260 _d3260 |
||